Qui sont ces "one-club men" ? - Statistiques

Statistiques générales
  • Ce quiz a été pris 190 fois
  • Le résultat moyen est 7 sur 20
Statistiques - réponses
Club De À Joueur Poste % Correct
AS Rome 1993 2017 Francesco Totti ATT
95%
FC Barcelone 1999 2014 Carles Puyol DEF
88%
Milan AC 1985 2009 Paolo Maldini DEF
85%
AS Saint-Étienne 2003 2020 Loïc Perrin DEF
77%
Manchester United 1991 2014 Ryang Giggs MIL
76%
Manchester United 1994 2013 Paul Scholes MIL
64%
Manchester United 1992 2011 Gary Neville DEF
41%
Liverpool 1996 2013 Jamie Carragher DEF
39%
AC Milan 1978 1996 Franco Baresi DEF
32%
Dynamo Moscou 1950 1970 Lev Yachine GAR
32%
Stade Rennais 2006 2019 Romain Danzé DEF
32%
Girondins de Bordeaux 2001 2015 Marc Planus DEF
30%
SM Caen 2001 2016 Nicolas Seube DEF
15%
Southampton 1986 2002 Matthew Le Tissier ATT
13%
Borussia Dortmund 1993 2007 Lars Ricken MIL
8%
EA Guingamp 1992 2005 Claude Michel MIL
6%
AS Monaco 1979 1996 Claude Puel MIL
6%
AS Monaco 1994 2001 Bruno Irles DEF
2%
FC Metz 1978 1992 Philippe Hinschberger MIL
1%
AS Saint-Étienne 1949 1964 René Domingo MIL
1%
Aucun quiz correspondant
Distribution des résultats
% des personnes avec chaque résultat
Percentile par nombre de réponses
Votre historique - résultats
Vous n’avez pas pris ce quiz